[Event "Titled Tuesday intern op 07th Feb Early"]
[Site "Chess.com INT"]
[Date "2023.02.07"]
[Round "2"]
[White "Liyanage, Ranindu Dilshan"]
[Black "De Vreugt, Dennis"]
[Result "1-0"]
[WhiteElo "2342"]
[BlackElo "2392"]
[PlyCount "121"]
[EventDate "2023.02.07"]
[EventType "swiss (blitz)"]
[EventRounds "11"]
[EventCountry "USA"]
[SourceTitle "EXT 2024"]
[Source "ChessBase"]
[SourceDate "2023.10.10"]
[SourceVersion "1"]
[SourceVersionDate "2023.10.10"]
[SourceQuality "1"]

1. e4 e5 2. Nf3 Nc6 3. Bc4 Nf6 4. d3 Bc5 5. c3 d6 6. Nbd2 a6 7. Bb3 h6 8. h3 0-0 9. Nf1 Ne7 10. g4 Ng6 11. g5 Nh5 12. gxh6 Ngf4 13. hxg7 Kxg7 14. Ne3 Rg8 15. d4 exd4 16. Nxd4 Kf8 17. Qf3 Qf6 18. Ng4 Qg5 19. Ne2 Bxg4 20. hxg4 Qxg4 21. Qxg4 Rxg4 22. Nxf4 Nxf4 23. Bxf4 Ke7 24. Bg3 Rxe4+ 25. Kd2 c6 26. Rae1 d5 27. Bc2 Re6 28. Bf5 Rxe1 29. Rxe1+ Kf6 30. Bd3 Rg8 31. Rg1 Re8 32. Bh4+ Ke6 33. Re1+ Kd7 34. Bf5+ Re6 35. Bxe6+ fxe6 36. f4 Bd6 37. Bg5 c5 38. Rh1 b5 39. Rh7+ Kc6 40. Rh6 Kd7 41. Ke2 a5 42. Kf3 a4 43. a3 b4 44. cxb4 cxb4 45. Rh7+ Kc6 46. Be7 bxa3 47. bxa3 Bc7 48. Bb4 Bb6 49. Re7 Kb5 50. Rxe6 d4 51. Ke4 Bc5 52. Re5 Kc4 53. Rxc5+ Kb3 54. Kxd4 Kb2 55. Kd3 Kb3 56. f5 Ka2 57. f6 Kb2 58. f7 Kb3 59. f8Q Ka2 60. Qf2+ Kb3 61. Rc3# 1-0

[Event "Oberliga NRW 2122"]
[Site "Germany"]
[Date "2022.03.06"]
[Round "4.4"]
[White "De Vreugt, Dennis"]
[Black "Wessendorf, Thomas"]
[Result "1-0"]
[WhiteElo "2383"]
[BlackElo "2247"]
[PlyCount "79"]
[EventDate "2021.10.31"]
[EventType "team-tourn"]
[EventRounds "9"]
[EventCountry "GER"]
[SourceTitle "EXT 2023"]
[Source "ChessBase"]
[SourceDate "2022.10.05"]
[SourceVersion "1"]
[SourceVersionDate "2022.10.05"]
[SourceQuality "1"]
[WhiteTeam "Erkenschwick"]
[BlackTeam "Essen Katernberg"]
[WhiteTeamCountry "GER"]
[BlackTeamCountry "GER"]

1. e4 c5 2. Nf3 e6 3. d4 cxd4 4. Nxd4 Nf6 5. Nc3 Nc6 6. Ndb5 Bb4 7. a3 Bxc3+ 8. Nxc3 d5 9. exd5 exd5 10. Bd3 0-0 11. 0-0 d4 12. Ne2 Bg4 13. Bg5 h6 14. Bh4 Bxe2 15. Qxe2 Re8 16. Qf3 Ne5 17. Qxb7 Nxd3 18. cxd3 Qd5 19. Qc7 g5 20. Bg3 Rac8 21. Qxa7 Rc2 22. b4 Ng4 23. Kh1 Ree2 24. Qa5 Qd7 25. Qa8+ Kh7 26. Qf3 f5 27. h3 Nf6 28. Rae1 Qe6 29. Rxe2 Rxe2 30. Bh2 Kg6 31. Rc1 Nd5 32. Rc5 Re1+ 33. Bg1 Nf6 34. Rc6 Qa2 35. g4 f4 36. Kg2 Re3 37. Rxf6+ Kxf6 38. Qa8 Re5 39. Qh8+ Kf7 40. Qxe5 1-0

[Event "Spakenburg FishPartners op"]
[Site "Spakenburg"]
[Date "2019.06.29"]
[Round "6"]
[White "Bok, Benjamin"]
[Black "De Vreugt, Dennis"]
[Result "1-0"]
[WhiteElo "2638"]
[BlackElo "2406"]
[PlyCount "85"]
[EventDate "2019.06.29"]
[EventType "swiss (rapid)"]
[EventRounds "7"]
[EventCountry "NED"]
[SourceTitle "CBM 191 Extra"]
[Source "ChessBase"]
[SourceDate "2019.09.30"]
[SourceVersion "1"]
[SourceVersionDate "2019.09.30"]
[SourceQuality "1"]

1. Nf3 d5 2. e3 g6 3. c4 Nf6 4. cxd5 Nxd5 5. d4 Bg7 6. e4 Nb6 7. Be2 Bg4 8. Nbd2 f5 9. Qb3 h6 10. 0-0 fxe4 11. Ne5 Bxe5 12. Bxg4 Qxd4 13. Be6 Rf8 14. Nc4 N8d7 15. Be3 Qd3 16. Bxd7+ Nxd7 17. Qxb7 Rb8 18. Qc6 Rf6 19. Qa4 Qd5 20. Nxe5 Qxe5 21. Bd4 Qb5 22. Qxb5 Rxb5 23. Bxf6 exf6 24. b3 f5 25. f3 Nf6 26. fxe4 Nxe4 27. Rac1 c5 28. Rfd1 Rb6 29. g4 Ke7 30. gxf5 gxf5 31. Kg2 Ke6 32. Kf3 Ra6 33. Rc2 Rb6 34. Rd8 Rb7 35. Rh8 Ng5+ 36. Kf4 Nf7 37. Re8+ Kd7 38. Ree2 Rb4+ 39. Kxf5 Rh4 40. Rcd2+ Nd6+ 41. Kg6 Kc6 42. Re6 Rg4+ 43. Kxh6 1-0

[Event "Spakenburg FishPartners op"]
[Site "Spakenburg"]
[Date "2019.06.29"]
[Round "7"]
[White "De Vreugt, Dennis"]
[Black "Lai, Hing Ting"]
[Result "1-0"]
[WhiteElo "2406"]
[BlackElo "2460"]
[PlyCount "107"]
[EventDate "2019.06.29"]
[EventType "swiss (rapid)"]
[EventRounds "7"]
[EventCountry "NED"]
[SourceTitle "CBM 191 Extra"]
[Source "ChessBase"]
[SourceDate "2019.09.30"]
[SourceVersion "1"]
[SourceVersionDate "2019.09.30"]
[SourceQuality "1"]

1. e4 c6 2. Nc3 d5 3. Nf3 Bg4 4. h3 Bxf3 5. Qxf3 e6 6. g3 g6 7. Bg2 Bg7 8. 0-0 Ne7 9. a4 0-0 10. a5 d4 11. Nd1 c5 12. Qa3 Qc7 13. d3 Nd7 14. Bd2 e5 15. b4 a6 16. Nb2 Rfc8 17. Nc4 Bf8 18. Rfb1 Nc6 19. bxc5 Bxc5 20. Qb3 Rab8 21. f4 Bf8 22. Rf1 Nc5 23. Qa2 Bh6 24. Rf2 exf4 25. Bxf4 Bxf4 26. gxf4 Nd7 27. e5 Nf8 28. Nd6 Rd8 29. Bxc6 Rxd6 30. Bd5 Rd7 31. Rb1 Qd8 32. Bc4 Rc8 33. Kg2 Kg7 34. Rb6 Rc5 35. Qa3 Rdc7 36. Rf6 R5c6 37. Rxc6 Rxc6 38. Qb2 Qd7 39. Re2 h5 40. Re4 Ne6 41. Bxe6 Qxe6 42. Rxd4 Kh7 43. c4 b5 44. cxb5 axb5 45. Rd8 Qe7 46. Rb8 Qc7 47. Qxb5 Rc2+ 48. Kg3 Qc3 49. Kh4 Rg2 50. Qb4 Qc7 51. Qf8 g5+ 52. fxg5 Kg6 53. Qh6+ Kf5 54. Qf6# 1-0

[Event "Spakenburg FishPartners op"]
[Site "Spakenburg"]
[Date "2019.06.29"]
[Round "4"]
[White "Steenbekkers, Franck"]
[Black "De Vreugt, Dennis"]
[Result "0-1"]
[WhiteElo "2164"]
[BlackElo "2406"]
[PlyCount "70"]
[EventDate "2019.06.29"]
[EventType "swiss (rapid)"]
[EventRounds "7"]
[EventCountry "NED"]
[SourceTitle "CBM 191 Extra"]
[Source "ChessBase"]
[SourceDate "2019.09.30"]
[SourceVersion "1"]
[SourceVersionDate "2019.09.30"]
[SourceQuality "1"]

1. e4 e5 2. Nf3 Nc6 3. Bb5 a6 4. Ba4 Nf6 5. 0-0 b5 6. Bb3 Be7 7. Re1 0-0 8. c3 d6 9. d4 Bg4 10. d5 Na5 11. Bc2 c6 12. dxc6 Nxc6 13. Nbd2 Rc8 14. Nf1 b4 15. Bd2 bxc3 16. Bxc3 Nd4 17. Bxd4 exd4 18. Bb3 Bxf3 19. Qxf3 Nd7 20. Ng3 Bf6 21. Rad1 Qb6 22. Nh5 Be5 23. Qh3 Nc5 24. f4 d3 25. Kh1 Bxb2 26. Bd5 Qb4 27. e5 dxe5 28. fxe5 Qd4 29. Qg3 g6 30. Nf6+ Kg7 31. Qh3 h6 32. Re3 Bc1 33. Rxc1 Ne4 34. Qxc8 Rxc8 35. Rxc8 Qa1+ 0-1

[Event "Oberliga NRW 1819"]
[Site "Germany"]
[Date "2018.10.14"]
[Round "2.1"]
[White "Koscielski, Janusch"]
[Black "De Vreugt, Dennis"]
[Result "0-1"]
[WhiteElo "2330"]
[BlackElo "2415"]
[PlyCount "120"]
[EventDate "2018.09.16"]
[EventType "team-tourn"]
[EventRounds "9"]
[EventCountry "GER"]
[SourceTitle "EXT 2020"]
[Source "ChessBase"]
[SourceDate "2019.10.17"]
[SourceVersion "1"]
[SourceVersionDate "2019.10.17"]
[SourceQuality "1"]
[WhiteTeam "Wattenscheid"]
[BlackTeam "Erkenschwick"]
[WhiteTeamCountry "GER"]
[BlackTeamCountry "GER"]

1. e4 e5 2. Nf3 Nc6 3. Nc3 Nf6 4. Bb5 Nd4 5. Bc4 Bc5 6. Nxe5 d5 7. Bxd5 Qe7 8. Nf3 Bg4 9. d3 0-0-0 10. Be3 Rhe8 11. Bb3 Bh5 12. h3 Nxf3+ 13. gxf3 Bb4 14. Qe2 Nd7 15. 0-0-0 Bxc3 16. bxc3 Ne5 17. Bf4 Qa3+ 18. Kb1 Bxf3 19. Qe3 Bxh1 20. Rxh1 f6 21. Qg3 Re7 22. Bc1 Qa5 23. f4 Nd7 24. Qh4 Rde8 25. Qxh7 Qxc3 26. Ba3 c5 27. Qf5 Kb8 28. Qd5 Qa5 29. Bb2 Qc7 30. Qf5 Nb6 31. c4 Qd7 32. Qxd7 Nxd7 33. Rg1 Rh8 34. Rg3 Rh4 35. Bc1 Kc7 36. Be3 b6 37. Bd1 Nf8 38. Bg4 Nd7 39. Kc2 Rh8 40. Kc3 Nb8 41. a3 Nc6 42. Bf3 Rh4 43. Bg4 g6 44. Kd2 Nd4 45. Bd1 Rg7 46. Kc3 Ne6 47. Rf3 f5 48. Be2 Kd7 49. Bf1 Ke8 50. e5 Rd7 51. Bg2 Kf7 52. Rf2 Ke7 53. Rf1 Rd4 54. Bxd4 cxd4+ 55. Kc2 Rxf4 56. Rxf4 Nxf4 57. Bd5 Nxh3 58. Kd2 Nf4 59. Kc2 g5 60. Kd2 Ng6 0-1

[Event "Groningen University m"]
[Site "Groningen"]
[Date "2017.12.30"]
[Round "4"]
[White "De Vreugt, Dennis"]
[Black "De Boer, Eelke"]
[Result "1-0"]
[WhiteElo "2409"]
[BlackElo "2310"]
[PlyCount "93"]
[EventDate "2017.12.27"]
[EventType "match"]
[EventRounds "4"]
[EventCountry "NED"]
[SourceTitle "CBM 182 Extra"]
[Source "ChessBase"]
[SourceDate "2018.02.23"]
[SourceVersion "1"]
[SourceVersionDate "2018.02.23"]
[SourceQuality "1"]

1. e4 c5 2. Nc3 d6 3. Nge2 Nf6 4. g3 Nc6 5. Bg2 g6 6. d4 cxd4 7. Nxd4 Nxd4 8. Qxd4 Bg7 9. a4 0-0 10. 0-0 Be6 11. Qd1 Rc8 12. Nd5 Nxd5 13. exd5 Bf5 14. c3 Qb6 15. Re1 Bf6 16. a5 Qc7 17. Be3 b6 18. axb6 axb6 19. Ra4 Ra8 20. Rb4 Rfb8 21. Bd4 Bxd4 22. Qxd4 Qc5 23. Qh4 Ra7 24. Qh6 e5 25. dxe6 fxe6 26. Rd4 e5 27. Rd5 Qc7 28. Qd2 Rd8 29. Rexe5 dxe5 30. Rxd8+ Kg7 31. h4 Bd7 32. Qg5 Qd6 33. h5 h6 34. Qxg6+ Qxg6 35. hxg6 Kxg6 36. Be4+ Kg7 37. Rb8 b5 38. Rb6 h5 39. Kg2 Kf8 40. Bc6 Bxc6+ 41. Rxc6 Ra2 42. Rc5 Rxb2 43. Rxe5 h4 44. g4 Kg7 45. Rg5+ Kf6 46. Rf5+ Kg6 47. Kh3 1-0

[Event "Groningen University m"]
[Site "Groningen"]
[Date "2017.12.28"]
[Round "2"]
[White "De Vreugt, Dennis"]
[Black "De Boer, Eelke"]
[Result "0-1"]
[WhiteElo "2409"]
[BlackElo "2310"]
[PlyCount "134"]
[EventDate "2017.12.27"]
[EventType "match"]
[EventRounds "4"]
[EventCountry "NED"]
[SourceTitle "CBM 182 Extra"]
[Source "ChessBase"]
[SourceDate "2018.02.23"]
[SourceVersion "1"]
[SourceVersionDate "2018.02.23"]
[SourceQuality "1"]

1. e4 c5 2. Nc3 d6 3. Nge2 Nf6 4. g3 g6 5. Bg2 Bg7 6. d3 0-0 7. h3 Nc6 8. Be3 Rb8 9. Qd2 b5 10. 0-0 b4 11. Nd1 a5 12. Bh6 Ba6 13. Bxg7 Kxg7 14. Ne3 Qb6 15. g4 e6 16. Kh2 a4 17. f4 Nd4 18. f5 Nxe2 19. Qxe2 Nd7 20. Rf2 b3 21. axb3 axb3 22. c4 Bb7 23. Raf1 Ne5 24. f6+ Kg8 25. g5 Ra8 26. h4 Ra2 27. h5 Rfa8 28. Ng4 Kf8 29. Nxe5 dxe5 30. hxg6 hxg6 31. Rf3 Ke8 32. Rh3 Qd6 33. Qf2 Kd7 34. Bf3 Rxb2 35. Qxb2 Ra2 36. Rf2 Rxb2 37. Rxb2 Qxd3 38. Bg2 Qxc4 39. Rh7 Qc2 40. Rxf7+ Kc6 41. Rxb7 Qxb2 42. Rb8 Qd2 43. Rxb3 Qxg5 44. Rf3 Qh6+ 45. Bh3 Kd7 46. f7 Qf8 47. Bf1 Ke7 48. Kg2 g5 49. Bc4 Kd6 50. Rf6 Ke7 51. Rf1 Kd6 52. Kg3 Ke7 53. Kg4 Kd7 54. Rf6 Ke7 55. Rf2 Kd7 56. Rf1 Ke7 57. Bb5 Kd6 58. Rd1+ Ke7 59. Rf1 Kd6 60. Be2 Ke7 61. Kh5 Qh8+ 62. Kxg5 Qg7+ 63. Kh4 Kf8 64. Bh5 Qg2 65. Rf3 Qe2 66. Rg3 Qxe4+ 67. Kg5 Qf4+ 0-1

[Event "Groningen University m"]
[Site "Groningen"]
[Date "2017.12.27"]
[Round "1"]
[White "De Boer, Eelke"]
[Black "De Vreugt, Dennis"]
[Result "0-1"]
[WhiteElo "2310"]
[BlackElo "2409"]
[PlyCount "110"]
[EventDate "2017.12.27"]
[EventType "match"]
[EventRounds "4"]
[EventCountry "NED"]
[SourceTitle "CBM 182 Extra"]
[Source "ChessBase"]
[SourceDate "2018.02.23"]
[SourceVersion "1"]
[SourceVersionDate "2018.02.23"]
[SourceQuality "1"]

1. e4 e5 2. Nf3 Nc6 3. Bb5 a6 4. Ba4 Nf6 5. 0-0 Be7 6. d3 b5 7. Bb3 d6 8. a3 0-0 9. Nc3 Bg4 10. Be3 Nd4 11. Bxd4 exd4 12. Nd5 Nd7 13. h3 Bxf3 14. Qxf3 Bg5 15. Nb4 Ne5 16. Qe2 a5 17. Bd5 Rb8 18. Nc6 Nxc6 19. Bxc6 Rb6 20. Bd5 c6 21. Ba2 a4 22. f4 Bh4 23. Qd2 d5 24. Kh2 dxe4 25. dxe4 c5 26. Bd5 Kh8 27. g3 Be7 28. Qg2 Rd6 29. Bb7 c4 30. e5 Rb6 31. Rad1 c3 32. bxc3 Qc7 33. Be4 Qxc3 34. Rd3 Qb2 35. f5 f6 36. exf6 gxf6 37. Rf2 Bxa3 38. c4 Qb4 39. Ra2 Bc1 40. cxb5 a3 41. Qc2 Bb2 42. Bc6 Rfb8 43. Qe2 Qc5 44. g4 Rf8 45. Qf3 Rd8 46. Kg3 Qc4 47. Raxa3 Bxa3 48. Rxa3 d3 49. Ra1 d2 50. Kh4 Qc1 51. Qd1 Qc3 52. Ra7 Qe3 53. Ra1 Rd3 54. Ra8+ Kg7 55. Ra7+ Kh6 0-1

[Event "Amsterdam Euwe m5"]
[Site "Amsterdam"]
[Date "2010.05.16"]
[Round "4"]
[White "Haast, Anne"]
[Black "De Vreugt, Dennis"]
[Result "0-1"]
[WhiteElo "2220"]
[BlackElo "2423"]
[PlyCount "62"]
[EventDate "2010.05.13"]
[EventType "match"]
[EventRounds "4"]
[EventCountry "NED"]
[SourceTitle "CBM 136 Extra"]
[Source "ChessBase"]
[SourceDate "2010.07.02"]
[SourceVersion "2"]
[SourceVersionDate "2010.07.15"]
[SourceQuality "1"]

1. e4 e5 2. Nf3 Nc6 3. Bc4 Nf6 4. d3 Bc5 5. c3 d6 6. Bb3 a6 7. 0-0 Ba7 8. Be3 h6 9. Nbd2 0-0 10. Re1 Re8 11. h3 Bxe3 12. Rxe3 Na5 13. Bc2 c5 14. Nb3 Nc6 15. d4 cxd4 16. cxd4 Qb6 17. Qd2 a5 18. a4 Nb4 19. Bb1 Bd7 20. Kh2 Rac8 21. Nh4 Qd8 22. g3 b6 23. Ng2 Rc4 24. d5 Qc8 25. Rc3 Bxh3 26. Rxc4 Qxc4 27. Kxh3 Qxb3 28. Ne3 Na6 29. Nf5 Qf3 30. Kh2 Nc5 31. Nxd6 Nb3 0-1

[Event "Porto Mannu op"]
[Site "Porto Mannu"]
[Date "2008.05.24"]
[Round "9"]
[White "De Vreugt, Dennis"]
[Black "Godena, Michele"]
[Result "1/2-1/2"]
[WhiteElo "2403"]
[BlackElo "2528"]
[PlyCount "83"]
[EventDate "2008.05.17"]
[EventType "swiss"]
[EventRounds "9"]
[EventCountry "ITA"]
[SourceTitle "CBM 124 Extra"]
[Source "ChessBase"]
[SourceDate "2008.07.03"]
[SourceVersion "1"]
[SourceVersionDate "2008.07.03"]
[SourceQuality "1"]

1. e4 e5 2. Nf3 Nc6 3. Bb5 a6 4. Ba4 Nf6 5. 0-0 b5 6. Bb3 Bc5 7. a4 Bb7 8. d3 b4 9. c3 d6 10. a5 h6 11. d4 Ba7 12. d5 Ne7 13. Ba4+ c6 14. c4 0-0 15. Bc2 cxd5 16. exd5 Rc8 17. b3 Re8 18. Be3 Bxe3 19. fxe3 Rc5 20. Ra4 Rxa5 21. Rxb4 Bxd5 22. cxd5 Nexd5 23. Qd2 Nxb4 24. Qxb4 Qc7 25. Ne1 Ra1 26. Qd2 Kf8 27. Nc3 Rc8 28. Ne4 Nxe4 29. Bxe4 Qc3 30. Qxd6+ Kg8 31. Nd3 Rxf1+ 32. Kxf1 Qxb3 33. Qxa6 Rd8 34. Qa5 Qd1+ 35. Ne1 Qd6 36. Nf3 g6 37. Bc6 Rc8 38. Nxe5 Qd1+ 39. Kf2 Qc2+ 40. Kg3 Rxc6 41. Qd8+ Kg7 42. Nxc6 1/2-1/2

[Event "Porto Mannu op"]
[Site "Porto Mannu"]
[Date "2008.05.19"]
[Round "3"]
[White "Rowson, Jonathan"]
[Black "De Vreugt, Dennis"]
[Result "1-0"]
[WhiteElo "2582"]
[BlackElo "2403"]
[PlyCount "81"]
[EventDate "2008.05.17"]
[EventType "swiss"]
[EventRounds "9"]
[EventCountry "ITA"]
[SourceTitle "CBM 124 Extra"]
[Source "ChessBase"]
[SourceDate "2008.07.03"]
[SourceVersion "1"]
[SourceVersionDate "2008.07.03"]
[SourceQuality "1"]

1. e4 c5 2. Nf3 d6 3. d4 cxd4 4. Nxd4 Nf6 5. Nc3 a6 6. Be2 e5 7. Nb3 Be6 8. f4 Qc7 9. f5 Bc4 10. Bg5 Nbd7 11. Bxc4 Qxc4 12. Qd3 Rc8 13. 0-0-0 b5 14. Rhe1 Be7 15. a3 h6 16. Bxf6 Nxf6 17. Kb1 h5 18. Nc1 h4 19. N1a2 Qxd3 20. Rxd3 Nd7 21. Nd5 Bd8 22. Ndb4 a5 23. Nd5 Nc5 24. Rc3 a4 25. b4 axb3 26. cxb3 Bg5 27. Re2 0-0 28. b4 Na4 29. Rxc8 Rxc8 30. Rc2 Rxc2 31. Kxc2 g6 32. fxg6 fxg6 33. Nac3 Nxc3 34. Nxc3 Bf4 35. h3 Kf7 36. Nxb5 d5 37. exd5 e4 38. a4 Kf6 39. a5 Ke5 40. a6 Be3 41. d6 1-0

[Event "Bussum op"]
[Site "Bussum"]
[Date "2008.05.12"]
[Round "7"]
[White "De Vreugt, Dennis"]
[Black "Berelowitsch, Alexander"]
[Result "1/2-1/2"]
[WhiteElo "2401"]
[BlackElo "2606"]
[PlyCount "79"]
[EventDate "2008.05.09"]
[EventType "swiss"]
[EventRounds "7"]
[EventCountry "NED"]
[SourceTitle "CBM 124 Extra"]
[Source "ChessBase"]
[SourceDate "2008.07.03"]
[SourceVersion "1"]
[SourceVersionDate "2008.07.03"]
[SourceQuality "1"]

1. d4 d5 2. c4 e6 3. Nf3 c5 4. cxd5 exd5 5. g3 Nc6 6. Bg2 Nf6 7. 0-0 Be7 8. dxc5 Bxc5 9. Bg5 0-0 10. Nc3 d4 11. Bxf6 Qxf6 12. Ne4 Qe7 13. Nxc5 Qxc5 14. Rc1 Qb6 15. Qc2 h6 16. Nd2 Be6 17. Nc4 Qa6 18. b3 Rfd8 19. Bxc6 Qxc6 20. Ne5 Qb5 21. Nd3 Re8 22. Qd2 a5 23. Rc5 Qb6 24. Rfc1 a4 25. b4 a3 26. R1c2 Rac8 27. Nf4 Rxc5 28. Rxc5 Qd6 29. Ra5 Bc4 30. Rxa3 g5 31. Nd3 Re4 32. Ra8+ Kg7 33. a4 b6 34. Nc1 Qe5 35. Rd8 d3 36. Nxd3 Bxd3 37. Qxd3 Rxb4 38. Qc2 Rb2 39. Re8 Qxg3+ 40. hxg3 1/2-1/2